000 00461nam a22001697a 4500
003 NUST - PNEC
005 20170116181134.0
008 151007b xxu||||| |||| 00| 0 eng d
020 _a9812530657
040 _cLIBRARY
082 _a660.2815 SEB
100 _914190
_aSeborg, Dale E.
245 _aProcess dynamics and control
_cDale E.Seborg
250 _a2nd ed
650 _914191
_aChemical process control--Data processing
_xGeneral
942 _2ddc
_cBK
999 _c70157
_d70157